Datum a čas kvízu
34
Celkem bodů
Celkový počet nahraných bodů na tomto kvízu bez doplňovacích otázek.
7.
Pořadí na kvízu
Konečné umístění týmu na tomto kvízu.
Zaznamenané odpovědi
| # | Otázka | Odpověď | Body | Výsledky |
|---|---|---|---|---|
| 1. | Minulý týden jsme se dozvěděli... | Královská opera/ Royal Opera | 0 | |
| 2. | Jistá evropská metropole se ro... | Berlín | 1 | |
| 3. | Fanouškům v pražské O<sub>2</s... | 50 Cent | 1 | |
| 4. | Jeden z nejznámějších snímků d... | D) Sloupy stvoření | 1 | |
| 5. | V neděli večer se hrálo další... | 4:0 | 1 | |
| 6. | Ve výběru tohoto tématu na vás... | FK Teplice | 0 | |
| 7. | Snímek Padesát odstínů šedi vz... | Stmívání (Twilight) | 1 | |
| 8. | Bílá nemoc je české protiváleč... | Galén, Hugo Haas | 1 | |
| 9. | Pro zisk dalšího bodu napište... | Červený drak | 1 | |
| 10. | Černá kočka, bílý kocour je bl... | Emir Kusturica | 0 |